Alle Alben - Farid Bang - Statistiken

Allgemein
  • Dieses Quiz wurde 179 mal gespielt
    26 seit der letzten Aktualisierung
  • Das Durchschnittsergebnis liegt bei 11 aus 19
Antwortstatistiken
Jahr Album % Korrekt
2009 Jung, brutal, gutaussehend
100%
2013 Jung, brutal, gutaussehend 2
100%
2017 Jung, brutal, gutaussehend 3
100%
2008 Asphalt Massaka
73%
2010 Asphalt Massaka 2
73%
2015 Asphalt Massaka 3
73%
2014 Killa
73%
2023 Asphalt Massaka 4
67%
2016 Blut
67%
2018 Platin war gestern
67%
2021 X
67%
2020 Genkidama
53%
2021 Asozialer Marokkaner
40%
2011 Banger leben kürzer
40%
2022 Deutschrap Brandneu
33%
2024 XII
33%
2012 Der letzte Tag deines Lebens
27%
2019 Torremolinos
20%
2008 Endlich Urlaub
0%
Keine übereinstimmenden Quizze gefunden
Verteilung der Resultate
Anzahl Personen mit jedem Resultat
Perzentil nach korrekt beantworteten Fragen
Ihre Resultats-Entwicklung
Sie haben dieses Quiz seit der letzten Aktualisierung nicht gespielt